ARRUPE JESUIT UNIVERSITY

CORONAVIRUS -STOP THE SPREAD - CLEAN,DISINFECT,COVER

Physics in the nineteenth century (Record no. 131040)

MARC details
000 -LEADER
fixed length control field 00468nam a22001457a 4500
008 - FIXED-LENGTH DATA ELEMENTS--GENERAL INFORMATION
fixed length control field 211028b ||||| |||| 00| 0 eng d
020 ## - INTERNATIONAL STANDARD BOOK NUMBER
International Standard Book Number 0813524415
050 ## - LIBRARY OF CONGRESS CALL NUMBER
Classification number QC7.P84 1997
100 ## - MAIN ENTRY--PERSONAL NAME
Personal name Purrington, Robert D.
9 (RLIN) 50807
245 ## - TITLE STATEMENT
Title Physics in the nineteenth century
Statement of responsibility, etc /by Robert Purrington D.
260 ## - PUBLICATION, DISTRIBUTION, ETC. (IMPRINT)
Place of publication, distribution, etc New Jersey
Name of publisher, distributor, etc Rutgers University Press
Date of publication, distribution, etc 1997
300 ## - PHYSICAL DESCRIPTION
Extent xvii, 249p.
Dimensions 23cm.
650 ## - SUBJECT ADDED ENTRY--TOPICAL TERM
Topical term or geographic name as entry element Physics
General subdivision History
9 (RLIN) 50808
Chronological subdivision 19th. Century
942 ## - ADDED ENTRY ELEMENTS (KOHA)
Source of classification or shelving scheme Library of Congress Classification
Item type Monograph ( Printed materials)
Holdings
Withdrawn status Lost status Source of classification or shelving scheme Damaged status Not for loan Collection code Home library Current library Shelving location Date acquired Total Checkouts Full call number Barcode Date last seen Copy number Price effective from Koha item type
    Library of Congress Classification     Main Collection ARRUPE LIBRARY ARRUPE LIBRARY Main Collection 28/10/2021   QC7.P84 1997 46600007754 28/10/2021 1 28/10/2021 Monograph ( Printed materials)

 

Arrupe Library. PO Box MP320 Mt Pleasant, Harare, Zimbabwe
263 242 745411|librarian@aju.ac.zw